[Event "Guernsey Holiday"]
[Site "Guernsey GCI"]
[Date "2006.10.16"]
[Round "2"]
[White "Ruigrok, Jacques"]
[Black "Naldrett, Geoffrey W"]
[Result "1-0"]
[WhiteElo "1758"]
[BlackElo "1568"]
[PlyCount "65"]
[EventDate "2006.10.15"]
[SourceDate "2006.11.12"]

1. e4 c6 2. d4 d5 3. e5 Bf5 4. h4 h6 5. g4 Bd7 6. Bd3 e6 7. f4 Ne7 8. Nh3 Na6
9. c3 Qb6 10. b4 Nxb4 11. cxb4 Qxd4 12. Qd2 Qxa1 13. Nc3 Nf5 14. Ne2 Nxh4 15.
O-O O-O-O 16. Kf2 Bxb4 17. Qxb4 Qxa2 18. Bb2 a5 19. Qb6 Qa4 20. Rb1 Qb4 21. Qa7
Kc7 22. Ba3 Ra8 23. Qe3 d4 24. Nxd4 Qxa3 25. Nc2 Qb4 26. Nxb4 axb4 27. Rxb4 b5
28. Qc5 Kd8 29. Rd4 Rc8 30. f5 g5 31. f6 Re8 32. Rxd7+ Kxd7 33. Qd6# 1-0

[Event "Guernsey Holiday"]
[Site "Guernsey GCI"]
[Date "2006.10.16"]
[Round "2"]
[White "Forbes, Garry"]
[Black "Newrick, William R"]
[Result "1/2-1/2"]
[WhiteElo "1700"]
[BlackElo "1400"]
[PlyCount "47"]
[EventDate "2006.10.15"]
[SourceDate "2006.11.12"]

1. d4 d5 2. Nf3 Nf6 3. e3 e6 4. Bd3 c5 5. c3 Be7 6. O-O O-O 7. Nbd2 Nc6 8. dxc5
e5 9. e4 Bg4 10. b4 a6 11. Qc2 d4 12. Bb2 Nh5 13. g3 Bg5 14. Rfe1 Qf6 15. Nxg5
Qxg5 16. f3 Bh3 17. Nf1 Rad8 18. Bc4 dxc3 19. Bxc3 Nd4 20. Bxd4 Rxd4 21. Re2
Rfd8 22. Bd5 Nf4 23. Rd2 Nxd5 24. Rxd4 1/2-1/2

[Event "Guernsey Holiday"]
[Site "Guernsey GCI"]
[Date "2006.10.16"]
[Round "2"]
[White "Bakkes, Frits"]
[Black "Harnden, Terry"]
[Result "0-1"]
[WhiteElo "1639"]
[BlackElo "1515"]
[PlyCount "110"]
[EventDate "2006.10.15"]
[SourceDate "2006.11.12"]

1. d4 Nf6 2. Nc3 e6 3. e4 Bb4 4. Bd3 Bxc3+ 5. bxc3 O-O 6. c4 d6 7. e5 dxe5 8.
dxe5 Nfd7 9. Qh5 g6 10. Qh6 Nxe5 11. Nh3 Qf6 12. O-O Ng4 13. Bg5 Nxh6 14. Bxf6
Nd7 15. Bc3 Nf5 16. Ng5 Nc5 17. Bb4 b6 18. Ne4 Bb7 19. Nxc5 bxc5 20. Bxc5 Rfd8
21. Rab1 Bc6 22. Rb3 Nd4 23. Ra3 a6 24. Be7 Rdb8 25. Bf6 Nf5 26. h4 Ng7 27. Be2
Be4 28. h5 Nxh5 29. Be5 Rc8 30. g4 Ng7 31. f3 Bc6 32. Rd1 Ne8 33. c5 Bb5 34.
Bxb5 axb5 35. Rxa8 Rxa8 36. Rd7 Kf8 37. Bxc7 Nxc7 38. Rxc7 Rxa2 39. Rc8+ Kg7
40. c4 bxc4 41. c6 c3 42. c7 Kf6 43. Rf8 c2 44. c8=Q Ra1+ 45. Kg2 c1=Q 46. Qd8+
Ke5 47. Qb8+ Kf6 48. Qd8+ Ke5 49. Qb8+ Kf6 50. Qd8+ Ke5 51. f4+ Ke4 52. Qb6
Qh1+ 53. Kg3 Ra3+ 54. Kf2 Qh2+ 55. Kf1 Ra1+ 0-1

[Event "Guernsey Holiday"]
[Site "Guernsey GCI"]
[Date "2006.10.16"]
[Round "2"]
[White "Ruhle, Ernst A"]
[Black "Herschmann, Heinz"]
[Result "1-0"]
[WhiteElo "1608"]
[BlackElo "1280"]
[PlyCount "111"]
[EventDate "2006.10.15"]
[SourceDate "2006.11.12"]

1. b4 e5 2. Bb2 d6 3. e3 Nf6 4. Nf3 Be7 5. Be2 O-O 6. O-O h6 7. h3 Bf5 8. d3
Nbd7 9. b5 c5 10. c4 b6 11. e4 Bh7 12. Nbd2 Re8 13. Nh2 Nf8 14. Ng4 Ne6 15.
Nxf6+ Bxf6 16. Bg4 Nd4 17. Bxd4 exd4 18. f4 g5 19. f5 Be5 20. Bh5 Rf8 21. Qg4
Kh8 22. Nf3 Qf6 23. a4 Qe7 24. Ra2 f6 25. Nd2 Rfc8 26. Rfa1 Rab8 27. a5 Rc7 28.
Nb3 Qd7 29. axb6 axb6 30. Qd1 Kg7 31. Ra8 Rxa8 32. Rxa8 Rc8 33. Qa1 Rxa8 34.
Qxa8 Bg8 35. Qc6 Qd8 36. Qb7+ Kh8 37. Bg6 Bf4 38. Kf2 Be3+ 39. Kf3 Bf4 40. g3
Be5 41. Kg4 Qf8 42. Qxb6 Bf7 43. Bxf7 Qxf7 44. Na5 h5+ 45. Kf3 g4+ 46. hxg4 Qg8
47. Kg2 Qxg4 48. Qd8+ Kg7 49. Qe7+ Kg8 50. Qe8+ Kg7 51. Qg6+ Qxg6 52. fxg6 Kxg6
53. Nc6 d5 54. Nxe5+ fxe5 55. Kf3 dxe4+ 56. dxe4 1-0

[Event "Guernsey Holiday"]
[Site "Guernsey GCI"]
[Date "2006.10.16"]
[Round "2"]
[White "O'Connor, Jonathan"]
[Black "Cox, Reginald E"]
[Result "1-0"]
[WhiteElo "1605"]
[BlackElo "1088"]
[PlyCount "115"]
[EventDate "2006.10.15"]
[SourceDate "2006.11.12"]

1. e4 d6 2. d4 Nf6 3. Nc3 e5 4. dxe5 dxe5 5. Qxd8+ Kxd8 6. Bc4 Ke8 7. Nf3 h6 8.
Nxe5 Be6 9. Bxe6 fxe6 10. Ng6 Rg8 11. e5 Nfd7 12. Nb5 Na6 13. O-O Kf7 14. Nxf8
Rgxf8 15. f4 Rfd8 16. c3 Ndc5 17. Be3 Rdc8 18. Bxc5 Nxc5 19. Rad1 a6 20. Nd4
Na4 21. Rd2 c5 22. Nf3 Rd8 23. Rfd1 Ke7 24. c4 Rxd2 25. Rxd2 Rd8 26. b3 Rxd2
27. Nxd2 Nc3 28. a3 Ne2+ 29. Kf2 Nxf4 30. Kf3 g5 31. g3 Nd3 32. Ke4 Nf2+ 33.
Kf3 Nd3 34. Kg4 Nxe5+ 35. Kh5 Nf7 36. Kg6 e5 37. Ne4 b6 38. Nf6 Ke6 39. Nd5 b5
40. Nc7+ Ke7 41. Nxa6 bxc4 42. bxc4 e4 43. Nxc5 e3 44. Nd3 e2 45. Kf5 Nd6+ 46.
Kg4 Nxc4 47. Kf3 Nxa3 48. Kxe2 Kf6 49. Kf3 Nc4 50. Kg4 h5+ 51. Kxh5 Ne3 52. Nf2
Kf5 53. g4+ Nxg4 54. Nxg4 Kf4 55. Nf2 Kf3 56. Kxg5 Kxf2 57. h4 Kg3 58. h5 1-0

[Event "Guernsey Holiday"]
[Site "Guernsey GCI"]
[Date "2006.10.16"]
[Round "2"]
[White "Nalichowski, Bogdan"]
[Black "Dokter, Marike"]
[Result "1/2-1/2"]
[WhiteElo "1505"]
[BlackElo "1601"]
[PlyCount "71"]
[EventDate "2006.10.15"]
[SourceDate "2006.11.12"]

1. c4 g6 2. Nc3 Bg7 3. d4 f5 4. Nf3 d6 5. b3 Nf6 6. h3 Nbd7 7. Bf4 O-O 8. e3 c6
9. Bd3 Nh5 10. Bh2 f4 11. O-O e5 12. Rc1 Rf7 13. Be2 Qf6 14. Ne4 Qe7 15. Nfg5
Rf8 16. Bxh5 gxh5 17. Qxh5 h6 18. Nf3 exd4 19. Qg6 Ne5 20. Qxd6 Nxf3+ 21. gxf3
Qxd6 22. Nxd6 fxe3 23. fxe3 dxe3 24. Nxc8 Raxc8 25. Rfe1 Rxf3 26. Kg2 Rcf8 27.
Rf1 Rxf1 28. Rxf1 Re8 29. Bg3 Bc3 30. Rg1 Kh7 31. Be1 Bd2 32. Kf3 h5 33. Ke2
Rd8 34. Rf1 Kg6 35. h4 Rd4 36. a4 1/2-1/2

[Event "Guernsey Holiday"]
[Site "Guernsey GCI"]
[Date "2006.10.16"]
[Round "2"]
[White "Le Maitre, Richard"]
[Black "Van Rooijen, Gerardus C"]
[Result "0-1"]
[WhiteElo "1420"]
[BlackElo "1589"]
[PlyCount "88"]
[EventDate "2006.10.15"]
[SourceDate "2006.11.12"]

1. d4 d5 2. c4 e6 3. Nc3 Nf6 4. Nf3 c6 5. Bg5 Nbd7 6. e3 Bb4 7. Bd3 Qa5 8. Qc2
dxc4 9. Bxc4 Bxc3+ 10. Qxc3 Qxc3+ 11. bxc3 Ne4 12. Rc1 Nxg5 13. Nxg5 h6 14. Ne4
O-O 15. O-O Nb6 16. Bb3 Rd8 17. Rfd1 Nd5 18. c4 Ne7 19. c5 Nf5 20. a4 b6 21. g3
Rb8 22. Bc4 Bb7 23. Rb1 b5 24. axb5 cxb5 25. Bd3 a6 26. Rbc1 Bc6 27. Bb1 b4 28.
Nd2 Ne7 29. Be4 a5 30. Bxc6 Nxc6 31. Nc4 a4 32. Nb6 a3 33. Ra1 Rb7 34. d5 exd5
35. Rxd5 Rxd5 36. Nxd5 Rb5 37. Nxb4 Nxb4 38. Rxa3 Rxc5 39. Ra8+ Kh7 40. Ra7 f6
41. Kg2 Rc2 42. Rd7 Ra2 43. Rd4 Nc2 44. Rf4 Nxe3+ 0-1

[Event "Guernsey Holiday"]
[Site "Guernsey GCI"]
[Date "2006.10.17"]
[Round "3"]
[White "Heymuth, Manfred"]
[Black "Egan, Colm"]
[Result "1/2-1/2"]
[WhiteElo "1633"]
[BlackElo "1679"]
[PlyCount "91"]
[EventDate "2006.10.15"]
[SourceDate "2006.11.12"]

1. Nf3 f5 2. g3 e6 3. b3 Nf6 4. Bb2 Be7 5. Bg2 O-O 6. O-O d6 7. d4 Qe8 8. Nbd2
Qh5 9. h3 Ne4 10. e3 Nd7 11. Nxe4 fxe4 12. Nd2 Qxd1 13. Raxd1 d5 14. f3 exf3
15. Rxf3 Nf6 16. Rdf1 Bd7 17. g4 h6 18. Nb1 a5 19. Ba3 Bxa3 20. Nxa3 b5 21. Nb1
b4 22. Nd2 a4 23. e4 a3 24. e5 Nh7 25. Rxf8+ Rxf8 26. Rxf8+ Nxf8 27. Nb1 Bb5
28. Bf1 Bxf1 29. Kxf1 Nd7 30. c3 c5 31. dxc5 bxc3 32. Nxc3 Nxc5 33. Ke2 Kf7 34.
Nb5 Nxb3 35. Nxa3 Nc1+ 36. Ke3 Nxa2 37. h4 Nc3 38. Nc2 Nb5 39. Kf4 g6 40. Ke3
Nc3 41. Nd4 Ke7 42. g5 hxg5 43. hxg5 Na4 44. Ne2 Nc5 45. Nd4 Kd7 46. Ne2
1/2-1/2

[Event "Guernsey Holiday"]
[Site "Guernsey GCI"]
[Date "2006.10.17"]
[Round "3"]
[White "Haisma, Henk"]
[Black "Onwezen, Eric"]
[Result "1-0"]
[WhiteElo "1664"]
[BlackElo "1630"]
[PlyCount "41"]
[EventDate "2006.10.15"]
[SourceDate "2006.11.12"]

1. b4 e5 2. Bb2 f6 3. e4 Bxb4 4. Bc4 Ne7 5. Qh5+ Ng6 6. a3 Ba5 7. f4 exf4 8.
Qxa5 Nc6 9. Qh5 Qe7 10. d3 d6 11. Ne2 Kd8 12. Nd2 Nce5 13. h3 b5 14. Bb3 c5 15.
Bd5 Rb8 16. O-O a5 17. Nxf4 Nxf4 18. Rxf4 g5 19. Rf2 Rf8 20. Raf1 b4 21. Qh6
1-0

[Event "Guernsey Holiday"]
[Site "Guernsey GCI"]
[Date "2006.10.17"]
[Round "3"]
[White "Kershaw, Graham J"]
[Black "Stanners, Michael J"]
[Result "1/2-1/2"]
[WhiteElo "1640"]
[BlackElo "1624"]
[PlyCount "47"]
[EventDate "2006.10.15"]
[SourceDate "2006.11.12"]

1. e4 d6 2. Nf3 Bg4 3. Be2 Nf6 4. d3 e6 5. O-O Be7 6. Ne1 Bxe2 7. Qxe2 c6 8.
Be3 d5 9. e5 Nfd7 10. f4 c5 11. c3 Nc6 12. Nf3 Qb6 13. d4 Rc8 14. a4 a6 15. Na3
Na5 16. Ra2 O-O 17. Ng5 g6 18. Qf2 Kg7 19. g4 f5 20. Qg2 h6 21. Nf3 Nb3 22.
gxf5 exf5 23. Nc2 Qe6 24. Bf2 1/2-1/2

[Event "Guernsey Holiday"]
[Site "Guernsey GCI"]
[Date "2006.10.17"]
[Round "3"]
[White "Collier, Michael J"]
[Black "Paardekam, Rene"]
[Result "1/2-1/2"]
[WhiteElo "1536"]
[BlackElo "1732"]
[PlyCount "70"]
[EventDate "2006.10.15"]
[SourceDate "2006.11.12"]

1. d4 Nf6 2. c4 e5 3. dxe5 Ng4 4. Nf3 Bc5 5. e3 Nc6 6. Be2 Ngxe5 7. O-O O-O 8.
Nbd2 d5 9. Nb3 Bd6 10. cxd5 Nb4 11. e4 Nxf3+ 12. Bxf3 f5 13. exf5 Bxf5 14. Nd4
Kh8 15. a3 Na6 16. Nxf5 Rxf5 17. g3 Nc5 18. Bg4 Rf8 19. b4 Ne4 20. Bb2 Nf6 21.
Qd4 Qe7 22. Be6 Rfd8 23. Rae1 Qf8 24. Rd1 a5 25. Qh4 axb4 26. Bxf6 Qxf6 27.
Qxf6 gxf6 28. axb4 Ra4 29. b5 b6 30. h3 Kg7 31. Ra1 Rda8 32. Rxa4 Rxa4 33. Kg2
Ra2 34. g4 Kg6 35. h4 h6 1/2-1/2

[Event "Guernsey Holiday"]
[Site "Guernsey GCI"]
[Date "2006.10.17"]
[Round "3"]
[White "Brooker, Chris H"]
[Black "Guttridge, David"]
[Result "0-1"]
[WhiteElo "1700"]
[BlackElo "1608"]
[PlyCount "124"]
[EventDate "2006.10.15"]
[SourceDate "2006.11.12"]

1. f4 g6 2. e3 Bg7 3. Nf3 Nf6 4. Bd3 d6 5. O-O c5 6. c3 Nc6 7. Qe1 Qc7 8. Na3
a6 9. e4 e5 10. fxe5 dxe5 11. Bc2 Bg4 12. Nc4 Bxf3 13. Rxf3 O-O-O 14. Ne3 Rhf8
15. b4 cxb4 16. Bb2 Kb8 17. a3 b3 18. Bxb3 Qb6 19. Bd5 Nxd5 20. exd5 Ne7 21.
Rb1 Nxd5 22. Ba1 Qc5 23. Rb3 e4 24. Rh3 Nxe3 25. dxe3 h5 26. Qb1 Qd5 27. Rh4 f5
28. Rf4 Rd7 29. Rf1 Rc8 30. g3 Qd2 31. c4 Bxa1 32. Qxa1 Rxc4 33. Qe5+ Ka7 34.
Qf4 Rc2 35. Qf2 Qxf2+ 36. Rxf2 Rxf2 37. Kxf2 b5 38. Ke2 Kb6 39. Rc3 Rd6 40. h4
Ka5 41. Rb3 Ka4 42. Rc3 a5 43. Ke1 b4 44. axb4 axb4 45. Rc4 Kb3 46. Rc7 Kb2 47.
Rb7 b3 48. Rb8 Kc2 49. Rc8+ Kb1 50. Rb8 b2 51. Rb7 Rc6 52. Kd2 Rc2+ 53. Kd1
Rc1+ 54. Kd2 Rc2+ 55. Kd1 Rg2 56. Rb6 Rxg3 57. Kd2 Rg2+ 58. Kd1 Ka2 59. Ra6+
Kb3 60. Rb6+ Kc3 61. Rc6+ Kd3 62. Rb6 Rg1# 0-1

[Event "Guernsey Holiday"]
[Site "Guernsey GCI"]
[Date "2006.10.17"]
[Round "3"]
[White "Foster, Paul"]
[Black "Kok, Franciscus"]
[Result "1-0"]
[WhiteElo "1600"]
[BlackElo "1685"]
[PlyCount "111"]
[EventDate "2006.10.15"]
[SourceDate "2006.11.12"]

1. e4 c5 2. Nf3 Nc6 3. d4 cxd4 4. Nxd4 e6 5. Be2 Nf6 6. Nc3 Bb4 7. Nxc6 Bxc3+
8. bxc3 dxc6 9. Qxd8+ Kxd8 10. e5 Nd7 11. f4 f6 12. Bc4 Nb6 13. Bb3 c5 14. Be3
c4 15. Bxb6+ axb6 16. O-O-O+ Ke7 17. Bxc4 Ra4 18. exf6+ gxf6 19. Rd4 Rd8 20.
Rhd1 Rxd4 21. Rxd4 e5 22. fxe5 fxe5 23. Rh4 Bf5 24. g3 Kd6 25. Rh6+ Kc5 26. Bg8
Ra8 27. Bb3 Bg6 28. Rh4 e4 29. Kd2 Rf8 30. Rf4 Rxf4 31. gxf4 b5 32. a3 Bf5 33.
h4 h5 34. Ke3 Bg6 35. Be6 Kd6 36. Bh3 Kd5 37. Bc8 b6 38. Bd7 Kc4 39. f5 Bh7 40.
Kxe4 Kxc3 41. Bxb5 Kxc2 42. Kf4 Kb3 43. a4 Bg8 44. Be8 Kb4 45. Kg5 Kc5 46. Kxh5
Kd6 47. Kg6 Ke7 48. Bb5 Kf8 49. Kf6 Bf7 50. Bd7 Bh5 51. Kg5 Bd1 52. h5 Kg7 53.
h6+ Kh7 54. f6 Bb3 55. Bf5+ Kh8 56. Kg6 1-0

[Event "Guernsey Holiday"]
[Site "Guernsey GCI"]
[Date "2006.10.17"]
[Round "3"]
[White "Gibson, John"]
[Black "Ince, Darren"]
[Result "1-0"]
[WhiteElo "1744"]
[BlackElo "1528"]
[PlyCount "55"]
[EventDate "2006.10.15"]
[SourceDate "2006.11.12"]

1. d4 d5 2. Bf4 Nf6 3. Nf3 Nbd7 4. e3 e6 5. Bd3 Be7 6. Nbd2 b6 7. h3 Bb7 8. O-O
O-O 9. c3 c5 10. Qe2 Ne4 11. Bb5 a6 12. Bxd7 Qxd7 13. Ne5 Qd8 14. Nxe4 dxe4 15.
dxc5 Bxc5 16. Rfd1 Qc8 17. b4 f6 18. Nd7 Rf7 19. Nxf6+ gxf6 20. bxc5 e5 21. Bg3
bxc5 22. Rd6 Qe8 23. Rad1 Rc8 24. Bh4 Qf8 25. Qg4+ Kh8 26. Qf5 Kg7 27. Bxf6+
Rxf6 28. Rxf6 1-0

[Event "Guernsey Holiday"]
[Site "Guernsey GCI"]
[Date "2006.10.17"]
[Round "3"]
[White "O'Connor, Jonathan"]
[Black "Ruigrok, Jacques"]
[Result "0-1"]
[WhiteElo "1605"]
[BlackElo "1758"]
[PlyCount "70"]
[EventDate "2006.10.15"]
[SourceDate "2006.11.12"]

1. e4 e5 2. d4 exd4 3. c3 dxc3 4. Bc4 Nc6 5. Nf3 d6 6. Nxc3 Be6 7. Bb5 a6 8.
Bxc6+ bxc6 9. Qa4 Bd7 10. Qc4 Be7 11. O-O Nf6 12. Bg5 O-O 13. e5 Nd5 14. Bxe7
Nxe7 15. Rfd1 d5 16. Qc5 Ng6 17. Rd4 Re8 18. Re1 Rb8 19. b3 h6 20. h3 Qc8 21.
Kh2 Qb7 22. g4 Qb6 23. Qxb6 cxb6 24. Kg3 Be6 25. Nh4 c5 26. Rdd1 Nxh4 27. Kxh4
Red8 28. f4 d4 29. Ne4 Bd5 30. Nd6 f6 31. Kh5 fxe5 32. fxe5 a5 33. Kg6 a4 34.
Rf1 Rf8 35. Nf5 Bf7# 0-1

[Event "Guernsey Holiday"]
[Site "Guernsey GCI"]
[Date "2006.10.17"]
[Round "3"]
[White "Van Rooijen, Gerardus C"]
[Black "Nalichowski, Sebastian"]
[Result "0-1"]
[WhiteElo "1589"]
[BlackElo "1740"]
[PlyCount "136"]
[EventDate "2006.10.15"]
[SourceDate "2006.11.12"]

1. d4 d6 2. c4 f5 3. Nc3 Nf6 4. Bg5 Nbd7 5. e3 g6 6. Bd3 Bg7 7. h3 e5 8. dxe5
dxe5 9. Nge2 O-O 10. O-O h6 11. Bxf6 Nxf6 12. Rc1 Be6 13. b3 Qe7 14. Qe1 Rad8
15. Bb1 Rd7 16. Rd1 Rfd8 17. Rxd7 Rxd7 18. Qc1 c6 19. Rd1 g5 20. Ng3 e4 21.
Nge2 c5 22. Rxd7 Qxd7 23. Qd1 Qxd1+ 24. Nxd1 h5 25. Kf1 Kf7 26. Ng1 g4 27. Ne2
Bh6 28. Ng1 Bd7 29. Nc3 Ke6 30. Ke2 Ke5 31. g3 Bc6 32. h4 Ke6 33. Kf1 Nd7 34.
Bc2 Ne5 35. Ke2 a6 36. a4 Bg7 37. Kd2 Be8 38. Nce2 Bh6 39. Nc3 Kd6 40. Nd5 Bf7
41. Nc3 Bg7 42. Nce2 Bh6 43. Nc3 Bg6 44. Nd5 Bf7 45. Nc3 Bg7 46. Nce2 Ng6 47.
Nc1 Bb2 48. Nge2 Bf6 49. Ng1 Ne5 50. Nce2 Ng6 51. Nc3 Ke5 52. Nge2 Ne7 53. Nf4
Nc6 54. Ncd5 Bd8 55. Nc3 Ba5 56. Nfe2 Nb4 57. Kc1 Nd3+ 58. Bxd3 exd3 59. Nf4
Bxc3 60. Nxd3+ Kd6 61. Kc2 Ba5 62. Kd1 b5 63. axb5 axb5 64. Kc2 bxc4 65. bxc4
Bxc4 66. Nf4 Bf7 67. Nd3 c4 68. Nb2 Be1 0-1

[Event "Guernsey Holiday"]
[Site "Guernsey GCI"]
[Date "2006.10.17"]
[Round "3"]
[White "Harnden, Terry"]
[Black "Carlucci, Paul A"]
[Result "0-1"]
[WhiteElo "1515"]
[BlackElo "1728"]
[PlyCount "102"]
[EventDate "2006.10.15"]
[SourceDate "2006.11.12"]

1. e4 d5 2. exd5 Qxd5 3. Nc3 Qa5 4. Bc4 Nf6 5. h3 Bf5 6. d3 c6 7. Bb3 e6 8.
Nge2 Qc7 9. Be3 Bd6 10. Qd2 Nbd7 11. O-O-O O-O-O 12. Bc4 e5 13. Bg5 h6 14. Bxf6
Nxf6 15. g4 Bg6 16. Kb1 Bb4 17. Qe3 Kb8 18. Qg3 Bd6 19. Qe3 Rhe8 20. Ne4 Nd5
21. Bxd5 cxd5 22. Nxd6 Qxd6 23. Qg3 f6 24. Nc3 Bf7 25. d4 Qc6 26. Ne2 Rc8 27.
Rc1 Ka8 28. dxe5 fxe5 29. Qf3 Qe6 30. Qb3 Rc6 31. Rhe1 Rb6 32. Qf3 d4 33. b3
Qd7 34. Qf5 Be6 35. Qe4 Qd6 36. Qg6 Rf8 37. Qd3 Qa3 38. Nxd4 exd4 39. Qxd4 Ra6
40. Qb2 Qxb2+ 41. Kxb2 Rc6 42. f3 Bg8 43. Re7 g5 44. c4 b5 45. Rc3 bxc4 46. b4
Kb8 47. a3 Bd5 48. Re5 Bxf3 49. Ree3 Bd5 50. Re5 Rf3 51. Rxd5 Rf2+ 0-1

[Event "Guernsey Holiday"]
[Site "Guernsey GCI"]
[Date "2006.10.17"]
[Round "3"]
[White "Finch, Russell"]
[Black "Collins, Alan"]
[Result "1/2-1/2"]
[WhiteElo "1725"]
[BlackElo "1496"]
[PlyCount "60"]
[EventDate "2006.10.15"]
[SourceDate "2006.11.12"]

1. d4 f5 2. Nc3 Nf6 3. e4 fxe4 4. Bg5 Nc6 5. d5 Ne5 6. Qd4 Nf7 7. Bh4 g5 8. Bg3
Bg7 9. Qd2 d6 10. Be2 Bd7 11. h4 g4 12. Bc4 h5 13. Nge2 a6 14. Nf4 b5 15. Bb3
Bh6 16. Qd4 Bxf4 17. Bxf4 Bf5 18. O-O-O Rg8 19. Rde1 Qb8 20. f3 gxf3 21. gxf3
Qa7 22. Qxa7 Rxa7 23. Nxe4 Bxe4 24. fxe4 Rg4 25. e5 Rxf4 26. exf6 Rxf6 27. Rhg1
Ne5 28. Rg8+ Kf7 29. Reg1 Ng4 30. Rg5 Rh6 1/2-1/2

[Event "Guernsey Holiday"]
[Site "Guernsey GCI"]
[Date "2006.10.17"]
[Round "3"]
[White "Kearsley, Ray J"]
[Black "Brent, Derek"]
[Result "0-1"]
[WhiteElo "1640"]
[BlackElo "1336"]
[PlyCount "52"]
[EventDate "2006.10.15"]
[SourceDate "2006.11.12"]

1. e4 g6 2. d4 Bg7 3. Nc3 d6 4. Nf3 Nc6 5. d5 Ne5 6. Nxe5 Bxe5 7. Bd3 Bg7 8.
O-O Nf6 9. f4 c6 10. Qf3 O-O 11. h3 cxd5 12. exd5 Bd7 13. g4 b5 14. a3 a6 15.
f5 Rc8 16. g5 Nh5 17. Bd2 Be5 18. Rae1 Ng7 19. f6 exf6 20. gxf6 Nf5 21. Rxe5
dxe5 22. Bxf5 Bxf5 23. Bg5 Rc4 24. Qg3 Qd7 25. Be3 Bxh3 26. Rf3 Rg4 0-1

[Event "Guernsey Holiday"]
[Site "Guernsey GCI"]
[Date "2006.10.17"]
[Round "3"]
[White "Brown, Jim"]
[Black "Ruhle, Ernst A"]
[Result "1/2-1/2"]
[WhiteElo "1128"]
[BlackElo "1608"]
[PlyCount "85"]
[EventDate "2006.10.15"]
[SourceDate "2006.11.12"]

1. d4 Nf6 2. Nf3 d5 3. e3 Bg4 4. Be2 e6 5. Nbd2 Bd6 6. b3 Nbd7 7. Bb2 O-O 8.
O-O b6 9. Ne5 Bxe2 10. Qxe2 c5 11. f4 h6 12. c4 Rc8 13. Rac1 Ne8 14. Ndf3 Bxe5
15. Nxe5 Nxe5 16. fxe5 f6 17. a4 Qe7 18. Ra1 fxe5 19. Rxf8+ Qxf8 20. Rf1 Qe7
21. dxe5 Nc7 22. Bc3 a5 23. Be1 Rf8 24. h3 Rxf1+ 25. Qxf1 Qf7 26. Qe2 g5 27. g4
Ne8 28. Bc3 Ng7 29. Bb2 h5 30. Bc3 Qg6 31. Qd1 hxg4 32. hxg4 Qe4 33. Kf2 Kf7
34. Qf3+ Qxf3+ 35. Kxf3 Ne8 36. Be1 Nc7 37. Bc3 dxc4 38. bxc4 Na6 39. Ke2 Nb4
40. Bd2 Kg6 41. Bc3 Nc6 42. Kd3 Nd8 43. Ke4 1/2-1/2

[Event "Guernsey Holiday"]
[Site "Guernsey GCI"]
[Date "2006.10.17"]
[Round "3"]
[White "James, Howard"]
[Black "Forbes, Garry"]
[Result "0-1"]
[WhiteElo "1450"]
[BlackElo "1700"]
[PlyCount "88"]
[EventDate "2006.10.15"]
[SourceDate "2006.11.12"]

1. d4 g6 2. c3 Bg7 3. Nf3 d6 4. e3 Nf6 5. h3 O-O 6. Bd3 Nbd7 7. O-O e5 8. e4
Re8 9. Re1 c6 10. Qc2 Qc7 11. Bg5 b6 12. Na3 b5 13. Rac1 a5 14. Qd2 Ba6 15. b4
Reb8 16. dxe5 Nxe5 17. Nxe5 dxe5 18. Qe3 Bc8 19. Bb1 Be6 20. f4 h6 21. Bxf6
Bxf6 22. fxe5 Bg5 23. Qg3 Bxc1 24. Rxc1 axb4 25. cxb4 Qa7+ 26. Kh2 Qxa3 27. Qf4
g5 28. Qd2 Rd8 29. Qe1 Qb2 30. Rxc6 Qxe5+ 31. Kh1 Bxa2 32. Rc5 Qa1 33. Rc1 Bxb1
34. Rxb1 Qd4 35. Kh2 Qe5+ 36. Kh1 Rd4 37. Qf1 Rxe4 38. Qf3 Re1+ 39. Rxe1 Qxe1+
40. Kh2 Qe5+ 41. Qg3 Qxg3+ 42. Kxg3 Ra4 43. Kg4 Rxb4+ 44. Kh5 Rh4# 0-1

[Event "Guernsey Holiday"]
[Site "Guernsey GCI"]
[Date "2006.10.17"]
[Round "3"]
[White "Dokter, Marike"]
[Black "Moriarty, Tom"]
[Result "1-0"]
[WhiteElo "1601"]
[BlackElo "1565"]
[PlyCount "49"]
[EventDate "2006.10.15"]
[SourceDate "2006.11.12"]

1. e4 e6 2. d4 d5 3. exd5 exd5 4. Bd3 Nf6 5. Ne2 Bd6 6. O-O O-O 7. Nbc3 c6 8.
Bf4 Re8 9. Qd2 Bxf4 10. Nxf4 Nbd7 11. Rae1 Nf8 12. h3 Ne6 13. Nxe6 Bxe6 14. Ne2
Qd7 15. Ng3 Qd6 16. Re5 c5 17. c3 c4 18. Bc2 Bd7 19. Rfe1 g6 20. Qf4 Kg7 21.
Qg5 Kh8 22. h4 Ng4 23. Rxe8+ Rxe8 24. Rxe8+ Bxe8 25. Qxg4 1-0

[Event "Guernsey Holiday"]
[Site "Guernsey GCI"]
[Date "2006.10.17"]
[Round "3"]
[White "Newrick, William R"]
[Black "Palmer, Eric"]
[Result "0-1"]
[WhiteElo "1400"]
[BlackElo "1575"]
[PlyCount "28"]
[EventDate "2006.10.15"]
[SourceDate "2006.11.12"]

1. d4 c5 2. dxc5 e5 3. e4 Bxc5 4. Nc3 Nc6 5. Nd5 a6 6. c3 b5 7. g3 h6 8. f4 d6
9. f5 Nf6 10. Bg2 Nxd5 11. Qxd5 Bb7 12. b4 Bxg1 13. Rxg1 Qb6 14. Rf1 Nd4 0-1

[Event "Guernsey Holiday"]
[Site "Guernsey GCI"]
[Date "2006.10.17"]
[Round "3"]
[White "Herschmann, Heinz"]
[Black "Bakkes, Frits"]
[Result "0-1"]
[WhiteElo "1280"]
[BlackElo "1639"]
[PlyCount "48"]
[EventDate "2006.10.15"]
[SourceDate "2006.11.12"]

1. e4 c5 2. Nf3 Nc6 3. d4 cxd4 4. Nxd4 e5 5. Nxc6 bxc6 6. Bd3 Nf6 7. O-O Be7 8.
Be3 O-O 9. h3 d5 10. exd5 cxd5 11. c3 d4 12. cxd4 exd4 13. Bd2 Qd5 14. Qb3 Qh5
15. Re1 Bd6 16. Be2 Qe5 17. f4 Qc5 18. Qc4 d3+ 19. Qxc5 Bxc5+ 20. Kf1 Ne4 21.
g4 Bb7 22. Kg2 dxe2 23. Kh2 Nxd2 24. Nxd2 Rfe8 0-1

[Event "Guernsey Holiday"]
[Site "Guernsey GCI"]
[Date "2006.10.17"]
[Round "3"]
[White "Naldrett, Geoffrey W"]
[Black "Le Maitre, Richard"]
[Result "1-0"]
[WhiteElo "1568"]
[BlackElo "1420"]
[PlyCount "79"]
[EventDate "2006.10.15"]
[SourceDate "2006.11.12"]

1. e4 c5 2. c3 d6 3. d4 cxd4 4. cxd4 Nf6 5. Nc3 g6 6. Bc4 Bg7 7. h3 O-O 8. Nf3
Qc7 9. Bb3 Nbd7 10. Be3 a6 11. Rc1 Qb8 12. Qe2 b5 13. Nd2 Bb7 14. a3 Rc8 15.
O-O Rc7 16. d5 Qc8 17. Na2 Nc5 18. Bxc5 dxc5 19. Bc2 Nh5 20. Rb1 Nf4 21. Qf3
Be5 22. Nc1 c4 23. Ne2 Nxe2+ 24. Qxe2 c3 25. Nb3 cxb2 26. Bd3 a5 27. f4 Bg7 28.
Bxb5 Ba6 29. Bxa6 Rxa6 30. e5 a4 31. Nd4 Rc1 32. Qxb2 Rxf1+ 33. Rxf1 Ra8 34.
Rc1 Qd7 35. Qb5 Qa7 36. Qc5 Qxc5 37. Rxc5 Bf8 38. Kh2 Kg7 39. Nc6 h6 40. Ra5
1-0

[Event "Guernsey Holiday"]
[Site "Guernsey GCI"]
[Date "2006.10.18"]
[Round "4"]
[White "Egan, Colm"]
[Black "Haisma, Henk"]
[Result "1/2-1/2"]
[WhiteElo "1679"]
[BlackElo "1664"]
[PlyCount "49"]
[EventDate "2006.10.15"]
[SourceDate "2006.11.12"]

1. d4 d5 2. Nf3 Nf6 3. Bf4 e6 4. e3 Bb4+ 5. c3 Bd6 6. Bg3 Bxg3 7. hxg3 Nbd7 8.
Bd3 Ne4 9. Nbd2 Ndf6 10. Ne5 c6 11. Nxe4 dxe4 12. Be2 Qe7 13. Qc2 Bd7 14. f3
exf3 15. gxf3 O-O-O 16. e4 Be8 17. b4 Nd7 18. Nxd7 Rxd7 19. a4 Rc7 20. Rd1 f6
21. Qb2 Bg6 22. b5 cxb5 23. axb5 b6 24. Kf2 e5 25. Kg2 1/2-1/2

[Event "Guernsey Holiday"]
[Site "Guernsey GCI"]
[Date "2006.10.18"]
[Round "4"]
[White "Stanners, Michael J"]
[Black "Foster, Paul"]
[Result "1/2-1/2"]
[WhiteElo "1624"]
[BlackElo "1600"]
[PlyCount "76"]
[EventDate "2006.10.15"]
[SourceDate "2006.11.12"]

1. d4 Nf6 2. e3 e6 3. Bd3 b6 4. f4 Bb7 5. Nf3 c5 6. c3 d5 7. O-O c4 8. Bc2 b5
9. Nbd2 g6 10. Qe2 Bg7 11. e4 dxe4 12. Nxe4 Nxe4 13. Bxe4 Bd5 14. Bd2 O-O 15.
Ne5 Bxe4 16. Qxe4 Qd5 17. Qxd5 exd5 18. a4 bxa4 19. Rxa4 a5 20. g4 f6 21. Nf3
Nc6 22. f5 g5 23. Raa1 Rfe8 24. Rae1 Kf7 25. Bc1 Rxe1 26. Rxe1 Re8 27. Rxe8
Kxe8 28. h4 h6 29. hxg5 hxg5 30. Nd2 a4 31. Nf1 Kd7 32. Bd2 Bf8 33. Ne3 Ne7 34.
Be1 Kc6 35. Bg3 Ng8 36. Kf2 a3 37. bxa3 Bxa3 38. Nc2 Be7 1/2-1/2